A new Soviet heartland ? / (Record no. 2196)
[ view plain ]
| 000 -LEADER | |
|---|---|
| fixed length control field | 00885cam a22002891 4500 |
| 001 - CONTROL NUMBER | |
| control field | 2196 |
| 003 - CONTROL NUMBER IDENTIFIER | |
| rucl marc code | BD-RjUL |
| 005 - DATE AND TIME OF LATEST TRANSACTION | |
| control field | 20211208233513.0 |
| 008 - FIXED-LENGTH DATA ELEMENTS--GENERAL INFORMATION | |
| fixed length control field | 131210s1964 njub b 000 0 eng |
| 035 ## - SYSTEM CONTROL NUMBER | |
| System control number | (BD-RjUL)2223 |
| System control number | (OCoLC)288333 |
| 040 ## - CATALOGING SOURCE | |
| Original cataloging agency | DLC |
| Transcribing agency | OYU |
| Modifying agency | OCoLC |
| -- | Uk |
| -- | DLC |
| -- | BD-RjUL |
| Language of cataloging | eng |
| 041 ## - LANGUAGE CODE | |
| Language code of text/sound track or separate title | eng |
| 082 ## - DEWEY DECIMAL CLASSIFICATION NUMBER | |
| Classification number | 330.957 |
| Author mark and year | HON 1964 |
| 100 1# - MAIN ENTRY--PERSONAL NAME | |
| Personal name | Hooson, David J. M. |
| 9 (RLIN) | 7169 |
| 245 12 - TITLE STATEMENT | |
| Title | A new Soviet heartland ? / |
| Statement of responsibility, etc. | by David J. M. Hooson. |
| 260 ## - PUBLICATION, DISTRIBUTION, ETC. (IMPRINT) | |
| Place of publication, distribution, etc. | Princeton, N.J. : |
| Name of publisher, distributor, etc. | Van Nostrand ; |
| Date of publication, distribution, etc. | c1964 |
| 300 ## - PHYSICAL DESCRIPTION | |
| Pagination | 132 p. : |
| Illustrations | maps. ; |
| Size | 21 cm. |
| 490 0# - SERIES STATEMENT | |
| Series statement | Van Nostrand searchlight book, |
| Volume/sequential designation | 21 |
| 504 ## - BIBLIOGRAPHY, ETC. NOTE | |
| Bibliography, etc | Bibliography: p. 126-128. |
| 650 #0 - SUBJECT ADDED ENTRY--TOPICAL TERM | |
| Topical term or geographic name as entry element | Geopolitics |
| Geographic subdivision | Soviet Union. |
| 9 (RLIN) | 7170 |
| Topical term or geographic name as entry element | Natural resources |
| Geographic subdivision | Soviet Union. |
| 9 (RLIN) | 7171 |
| 651 #0 - SUBJECT ADDED ENTRY--GEOGRAPHIC NAME | |
| Geographic name | Siberia (Russia) |
| General subdivision | Economic conditions. |
| 9 (RLIN) | 7172 |
| 942 ## - ADDED ENTRY ELEMENTS (KOHA) | |
| Source of classification or shelving scheme | Dewey Decimal Classification |
| Koha item type | Books |
| Lost status | Source of classification or shelving scheme | Damaged status | Not for loan | Collection code | Permanent Location | Current Location | Shelving location | Date acquired | Source of acquisition | Cost, normal purchase price | Total Checkouts | Full call number | Date last seen | Copy number | Koha item type |
|---|---|---|---|---|---|---|---|---|---|---|---|---|---|---|---|
| Dewey Decimal Classification | Not For Loan | Non-fiction | Central Library, University of Rajshahi | Central Library, University of Rajshahi | Reading Room | Zeit | 14.00 | 330.957 HON 1964 | 10/12/2013 | C-1 | Books |